
Library Catalogue

| 000 -LEADER | |
|---|---|
| fixed length control field | 00924cam a2200229 a 4500 |
| 001 - CONTROL NUMBER | |
| control field | 17273375 |
| 005 - DATE AND TIME OF LATEST TRANSACTION | |
| control field | 20260209073310.0 |
| 008 - FIXED-LENGTH DATA ELEMENTS--GENERAL INFORMATION | |
| fixed length control field | 120426s2013 mau b 001 0 eng |
| 010 ## - LIBRARY OF CONGRESS CONTROL NUMBER | |
| LC control number | 2012014822 |
| 020 ## - INTERNATIONAL STANDARD BOOK NUMBER | |
| International Standard Book Number | 9780674066892 |
| 082 ## - DEWEY DECIMAL CLASSIFICATION NUMBER | |
| Classification number | 320.6 MAN |
| 100 1# - MAIN ENTRY--PERSONAL NAME | |
| Personal name | Manski, Charles F. |
| 245 10 - TITLE STATEMENT | |
| Title | Public policy in an uncertain world : |
| Remainder of title | analysis and decisions / |
| Statement of responsibility, etc. | Charles F. Manski. |
| 260 ## - PUBLICATION, DISTRIBUTION, ETC. | |
| Place of publication, distribution, etc. | Cambridge : |
| Name of publisher, distributor, etc. | Harvard University Press, |
| Date of publication, distribution, etc. | 2013. |
| 300 ## - PHYSICAL DESCRIPTION | |
| Extent | xi, 199 p. ; |
| Dimensions | 24 cm. |
| 505 ## - FORMATTED CONTENTS NOTE | |
| Formatted contents note | Introduction I. Policy Analysis 1. Policy Analysis with Incredible Certitude 2. Predicting Policy Outcomes 3. Predicting Behavior II. POLICY DECISIONS 4. Planning with Partial Knowledge 5. Diversified Treatment Choice 6. Policy Analysis and Decisions |
| 650 #0 - SUBJECT ADDED ENTRY--TOPICAL TERM | |
| Topical term or geographic name entry element | Policy sciences. |
| 650 #0 - SUBJECT ADDED ENTRY--TOPICAL TERM | |
| Topical term or geographic name entry element | Public administration. |
| 650 #0 - SUBJECT ADDED ENTRY--TOPICAL TERM | |
| Topical term or geographic name entry element | Decision making. |
| 650 #0 - SUBJECT ADDED ENTRY--TOPICAL TERM | |
| Topical term or geographic name entry element | Political planning |
| General subdivision | Evaluation. |
| 942 ## - ADDED ENTRY ELEMENTS (KOHA) | |
| Source of classification or shelving scheme | Dewey Decimal Classification |
| Koha item type | BOOKs |
| Withdrawn status | Lost status | Damaged status | Not for loan | Collection code | Home library | Current library | Shelving location | Date acquired | Cost, normal purchase price | Total Checkouts | Full call number | Barcode | Date last seen | Price effective from | Koha item type |
|---|---|---|---|---|---|---|---|---|---|---|---|---|---|---|---|
| . | . | General Stacks | 05.11.2018 | 2499.00 | 320.6 MAN | 35541 | 05.11.2018 | 05.11.2018 | BOOKs |